| 000 | 01264pam a2200289 a 4500 | ||
|---|---|---|---|
| 001 | 4396410 | ||
| 005 | 20030709200246.0 | ||
| 008 | 920709s1993 maua b 001 0 eng | ||
| 010 | _a92027983 | ||
| 020 | _a0121559408 (acidfree paper) | ||
| 040 |
_aDLC _cDLC _dDLC |
||
| 050 | 0 | 0 |
_aQ172.5.C45 _bC36 1993 |
| 082 | 0 | 0 |
_a003.7 _220 _bCAM |
| 100 | 1 |
_aCambel, Ali Bulent, _d1923- _96062 |
|
| 245 | 1 | 0 |
_aApplied Chaos Theory : _bA Paradigm for Complexity / _cA.B. Cambel. |
| 260 |
_aBoston : _bAcademic Press, _cc1993. |
||
| 300 |
_axviii, 246 p. : _bill. ; _c24 cm. |
||
| 504 | _aIncludes bibliographical references and indexes. | ||
| 650 | 0 |
_aScience _xPhilosophy. _96063 |
|
| 650 | 0 |
_aComplexity (Philosophy) _96064 |
|
| 650 | 0 |
_aChaotic behavior in systems. _96065 |
|
| 856 | 4 | 2 |
_3Publisher description _uhttp://www.loc.gov/catdir/description/els032/92027983.html |
| 856 | 4 | 1 |
_3Table of contents _uhttp://www.loc.gov/catdir/toc/els032/92027983.html |
| 942 |
_2ddc _cBB |
||
| 999 |
_c11803 _d11803 |
||